LEADER 00833nab a2200181 i 4500 001 000000320569 003 CaOOAMICUS 005 20180831173329.0 008 180831n it uu u0 0ita r 013 $a30752 040 $aSeMil$bita 245 10$a"Missio Dei" e missionarietà della Chiesa :$brileggendo i primi numeri di "Ad gentes". 650 4$aChiesa - Missionarietà.$0(OLS)http://semarc/subject/3429 650 4$aConcilio Vaticano II <1962-1965> - Decreti . Ad Gentes.$0(OLS)http://semarc/subject/8879 650 4$aChiesa - Missione.$0(OLS)http://semarc/subject/5368 650 4$aChiesa - Missioni.$0(OLS)http://semarc/subject/38990 773 0 $t[SENZA TITOLO]. - Contiene.$gp.415--440$w()279844 996 $6245$a"Missio Dei" e missionarietà della Chiesa :$brileggendo i primi numeri di "Ad gentes".$9(OLS)http://semarc/title/394186 LEADER 01405nam a2200289 i 4500 001 000000345302 003 CaOOAMICUS 005 20210409141617.0 008 210409s2020 it m u000 u ita u 013 $a232165 020 $a978-88-7105-455-1 040 $aSeMil$bita 100 1 $aBarbari, Rosina.$0(OLS)http://semarc/name/113455 245 10$aTrasformazioni odierne della forma ecclesiae in Italia :$bimmaginare una Chiesa di popolo, "parabola vivente per il mondo" /$cRosina Barbari. 264 1$aMilano :$bGlossa,$c2020. 300 $aXV, 359 p. ;$c24 cm 490 1 $aDissertatio. Series Mediolanensis ;$v29 650 4$aChiesa - Prospettive - Sec. 21.$0(OLS)http://semarc/subject/48292 650 04$aChiesa - Italia - Sec. 21.$0(OLS)http://semarc/subject/29505 650 4$aChiesa - Italia - Sec. 20.$0(OLS)http://semarc/subject/17518 830 0$aDissertatio. Series Mediolanensis ;$v29.$0(OLS)http://semarc/title/304 850 $aSeMil 852 $aSeMil$W1$xVenegono$y1$m2KA G 29$j245794$B236393$CSeMilBibl$Z2$F236393 $81 996 $6020$a978-88-7105-455-1$9(OLS)http://semarc/number/292853 996 $6245$aTrasformazioni odierne della forma ecclesiae in Italia :$bimmaginare una Chiesa di popolo, "parabola vivente per il mondo"$9(OLS)http://semarc/title/434433 996 $6264$aMilano :$bGlossa$9(OLS)http://semarc/publisher/29635